[Event "NOR-chT 1011"]
[Site "Oslo"]
[Date "2011.04.02"]
[Round "8"]
[White "Glenne, Bjorn Erik"]
[Black "Nilsen, Joachim Birger"]
[Result "0-1"]
[WhiteElo "2165"]
[BlackElo "2201"]
[PlyCount "106"]
[EventDate "2010.11.05"]
[EventType "team-tourn"]
[EventRounds "9"]
[EventCountry "NOR"]
[SourceTitle "EXT 2012"]
[Source "ChessBase"]
[SourceDate "2011.11.24"]
[SourceVersion "1"]
[SourceVersionDate "2011.11.24"]
[SourceQuality "1"]
[WhiteTeam "Nordstrand"]
[BlackTeam "Bergens"]
[WhiteTeamCountry "NOR"]
[BlackTeamCountry "NOR"]

1. d4 Nf6 2. c4 g6 3. Nc3 Bg7 4. e4 d6 5. f4 0-0 6. Nf3 Na6 7. Bd3 Bg4 8. Be3 Nd7 9. 0-0 e5 10. fxe5 c5 11. Qd2 Bxf3 12. Rxf3 cxd4 13. Bxd4 Nxe5 14. Bxe5 Bxe5 15. Raf1 Nc7 16. h4 Qxh4 17. Rh3 Qe7 18. Kf2 Qf6+ 19. Ke1 Bxc3 20. bxc3 Qg7 21. Rfh1 Ne6 22. Be2 Nc5 23. Bf3 Rae8 24. Qh6 Nxe4 25. Bxe4 Rxe4+ 26. Kd2 Rxc4 27. Qxh7+ Qxh7 28. Rxh7 Rfc8 29. g4 R8c5 30. Rh8+ Kg7 31. R8h7+ Kf8 32. Rf1 Rc7 33. g5 Rg4 34. Rf6 Rxg5 35. Rxd6 Ke7 36. Rd3 Rg2+ 37. Kd1 Rxa2 38. Re3+ Kd6 39. Rf3 Kd5 40. Rfxf7 Rxf7 41. Rxf7 b5 42. Rf6 Kc4 43. Rxg6 Kxc3 44. Rg3+ Kb4 45. Kc1 a5 46. Kb1 Rf2 47. Rg5 a4 48. Rh5 a3 49. Rh4+ Ka5 50. Rh5 Ka4 51. Rh3 b4 52. Rg3 Rf1+ 53. Ka2 b3+ 0-1

[Event "NOR-chT 1011"]
[Site "Oslo"]
[Date "2011.01.22"]
[Round "5"]
[White "Hagen, Anders Gjerdrum"]
[Black "Glenne, Bjorn Erik"]
[Result "1-0"]
[WhiteElo "2084"]
[BlackElo "2165"]
[PlyCount "87"]
[EventDate "2010.11.05"]
[EventType "team-tourn"]
[EventRounds "9"]
[EventCountry "NOR"]
[SourceTitle "EXT 2012"]
[Source "ChessBase"]
[SourceDate "2011.11.24"]
[SourceVersion "1"]
[SourceVersionDate "2011.11.24"]
[SourceQuality "1"]
[WhiteTeam "Moss"]
[BlackTeam "Nordstrand"]
[WhiteTeamCountry "NOR"]
[BlackTeamCountry "NOR"]

1. d4 Nf6 2. c4 d6 3. Nf3 Nbd7 4. Nc3 e5 5. e4 Be7 6. Be2 c6 7. 0-0 0-0 8. d5 Nc5 9. Nd2 a5 10. Rb1 Ne8 11. b3 f5 12. a3 Nf6 13. f3 Qb6 14. Kh1 f4 15. b4 axb4 16. axb4 Ncd7 17. c5 Nxc5 18. Nc4 Qa7 19. bxc5 Qxc5 20. Na4 Rxa4 21. Qxa4 b5 22. Qa3 bxc4 23. Qxc5 dxc5 24. dxc6 Be6 25. Bb2 Bd6 26. Rfd1 Bc7 27. Rbc1 Rb8 28. Ba3 Rb6 29. Bxc4 Bxc4 30. Rxc4 Rxc6 31. Rxc5 Rxc5 32. Bxc5 Kf7 33. Bd6 Bxd6 34. Rxd6 Ke7 35. Ra6 g5 36. Kg1 h5 37. h3 g4 38. hxg4 hxg4 39. Kf2 g3+ 40. Ke2 Nd7 41. Rc6 Nf8 42. Kd3 Kd7 43. Rf6 Ke7 44. Rxf8 1-0

[Event "Gausdal Classic IM-B"]
[Site "Gausdal"]
[Date "2004.09.27"]
[Round "6"]
[White "Glenne, Bjorn Erik"]
[Black "Hammer, Jon Ludvig"]
[Result "0-1"]
[WhiteElo "2213"]
[BlackElo "2095"]
[PlyCount "52"]
[EventDate "2004.09.23"]
[EventType "tourn"]
[EventRounds "11"]
[EventCountry "NOR"]
[EventCategory "2"]
[SourceTitle "CBM 102 Extra"]
[Source "ChessBase"]
[SourceDate "2004.11.03"]
[SourceVersion "1"]
[SourceVersionDate "2004.11.03"]
[SourceQuality "1"]

1. d4 e6 2. c4 b6 3. e4 Bb7 4. Bd3 Nc6 5. Ne2 Nb4 6. Nbc3 Nxd3+ 7. Qxd3 g6 8. 0-0 Bg7 9. f3 Ne7 10. Be3 0-0 11. b4 a5 12. b5 f5 13. c5 c6 14. a4 d5 15. cxb6 cxb5 16. axb5 dxe4 17. fxe4 Qxb6 18. Na4 fxe4 19. Nxb6 exd3 20. Nf4 Nf5 21. Bf2 Nxd4 22. Nxd3 Rad8 23. Rad1 Ne2+ 24. Kh1 Nc3 25. Nb2 Nxd1 26. Nxd1 Bd4 0-1

[Event "Gausdal Classic IM-B"]
[Site "Gausdal"]
[Date "2004.09.26"]
[Round "5"]
[White "Berg, Klaus"]
[Black "Glenne, Bjorn Erik"]
[Result "1-0"]
[WhiteElo "2427"]
[BlackElo "2213"]
[PlyCount "77"]
[EventDate "2004.09.23"]
[EventType "tourn"]
[EventRounds "11"]
[EventCountry "NOR"]
[EventCategory "2"]
[SourceTitle "CBM 102 Extra"]
[Source "ChessBase"]
[SourceDate "2004.11.03"]
[SourceVersion "1"]
[SourceVersionDate "2004.11.03"]
[SourceQuality "1"]

1. d4 Nf6 2. Bg5 Ne4 3. Bf4 c5 4. f3 Nf6 5. dxc5 Qa5+ 6. Nc3 Qxc5 7. e4 e5 8. Bg5 Be7 9. Qd2 0-0 10. 0-0-0 Qa5 11. Kb1 Nc6 12. Bc4 a6 13. Nge2 b5 14. Bb3 Qd8 15. Be3 Rb8 16. g4 Na5 17. g5 Ne8 18. Nd5 Bd6 19. Ng3 Nc4 20. Bxc4 bxc4 21. Qc3 g6 22. Nf6+ Nxf6 23. Rxd6 Ne8 24. Qxe5 c3 25. b3 Rb5 26. Rd5 d6 27. Qxc3 Rxd5 28. exd5 Bb7 29. Rd1 Nc7 30. Ne4 f5 31. Nf6+ Rxf6 32. gxf6 Kf8 33. f7 Kxf7 34. Bg5 Nb5 35. Qe3 Qa5 36. Qe6+ Kg7 37. Bf6+ Kh6 38. Qe3+ Kh5 39. Qg5# 1-0

[Event "NOR-chB op"]
[Site "Asker"]
[Date "2003.05.29"]
[Round "2"]
[White "Glenne, Bjorn Erik"]
[Black "Breivik, Lars H"]
[Result "1-0"]
[WhiteElo "2156"]
[BlackElo "2118"]
[PlyCount "101"]
[EventDate "2003.05.??"]
[EventType "swiss"]
[EventRounds "5"]
[EventCountry "NOR"]
[SourceTitle "EXT 2005"]
[Source "ChessBase"]
[SourceDate "2004.11.15"]
[SourceVersion "1"]
[SourceVersionDate "2004.11.15"]
[SourceQuality "1"]

1. d4 Nf6 2. c4 c5 3. d5 e6 4. Nc3 exd5 5. cxd5 d6 6. e4 g6 7. f4 Bg7 8. Bb5+ Nbd7 9. e5 dxe5 10. fxe5 Nh5 11. e6 Qh4+ 12. g3 Nxg3 13. exd7+ Bxd7 14. Bxd7+ Kxd7 15. hxg3 Bxc3+ 16. bxc3 Rhe8+ 17. Kf2 Qxh1 18. Qa4+ Ke7 19. Nf3 Kf8 20. c4 Re4 21. Bb2 Qh3 22. Re1 Rxe1 23. Nxe1 Qf5+ 24. Nf3 Re8 25. Bg7+ Ke7 26. d6+ Kd8 27. g4 Qd7 28. Qxa7 Qxd6 29. Qxb7 f6 30. g5 fxg5 31. Bh6 Qc7 32. Bxg5+ Kd7 33. Qd5+ Kc8 34. Qa8+ Kd7 35. Qd5+ Kc8 36. Bf6 Rf8 37. Be5 Qe7 38. Bg3 Rf5 39. Qc6+ Kd8 40. Bd6 Qh4+ 41. Kg2 Qg4+ 42. Bg3 Qxc4 43. Qc7+ Ke8 44. Qc8+ Kf7 45. Qxf5+ gxf5 46. Ne5+ Ke6 47. Nxc4 Kd5 48. Nb2 h5 49. a4 c4 50. Be1 Kd4 51. a5 1-0

[Event "NOR-chT east 0203"]
[Site "Norway"]
[Date "2003.02.08"]
[Round "6"]
[White "Glenne, Bjorn Erik"]
[Black "Kirkebo, Carl Peter"]
[Result "1-0"]
[WhiteElo "2221"]
[BlackElo "2117"]
[PlyCount "67"]
[EventDate "2002.11.09"]
[EventType "team-swiss"]
[EventRounds "9"]
[EventCountry "NOR"]
[SourceTitle "EXT 2009"]
[Source "ChessBase"]
[SourceDate "2008.11.26"]
[SourceVersion "1"]
[SourceVersionDate "2008.11.26"]
[SourceQuality "1"]

1. d4 Nf6 2. c4 c5 3. d5 e6 4. Nc3 exd5 5. cxd5 d6 6. e4 g6 7. Bb5+ Bd7 8. Bd3 Bg7 9. Bg5 h6 10. Bh4 0-0 11. Nge2 b5 12. Bxf6 Bxf6 13. Bxb5 Bxb5 14. Nxb5 Bxb2 15. Rb1 Bg7 16. 0-0 Re8 17. Qa4 Re7 18. Rb3 Nd7 19. Nxd6 Nb6 20. Qc6 Rc7 21. Nxf7 Rxf7 22. Rg3 Rc8 23. Qxg6 c4 24. f4 Qf6 25. Qxf6 Rxf6 26. e5 Rf7 27. Nc3 Kh7 28. d6 Rcf8 29. Rgf3 Re8 30. Re1 Nd7 31. Re4 Bxe5 32. fxe5 Rxf3 33. gxf3 Nxe5 34. Kh1 1-0

[Event "Troll Masters"]
[Site "Gausdal"]
[Date "2003.01.08"]
[Round "2"]
[White "Valenti, Giuseppe"]
[Black "Glenne, Bjorn Erik"]
[Result "1-0"]
[WhiteElo "2230"]
[BlackElo "2203"]
[PlyCount "63"]
[EventDate "2003.01.07"]
[EventType "swiss"]
[EventRounds "10"]
[EventCountry "NOR"]
[SourceTitle "CBM 092 Extra"]
[Source "ChessBase"]
[SourceDate "2003.03.07"]
[SourceVersion "1"]
[SourceVersionDate "2003.03.07"]
[SourceQuality "1"]

1. e4 c6 2. d4 d5 3. Nd2 dxe4 4. Nxe4 Bf5 5. Ng3 Bg6 6. N1e2 Nf6 7. h4 h6 8. Nf4 Bh7 9. Bc4 Nd5 10. Qf3 e6 11. c3 Nd7 12. Bd2 N7f6 13. 0-0-0 Qa5 14. Bb3 Nxf4 15. Bxf4 0-0-0 16. Be5 Be7 17. Nh5 Be4 18. Qf4 Ba3 19. Rh3 Bxg2 20. Rg3 Bd6 21. Nxf6 Bxe5 22. Qxe5 Qxe5 23. dxe5 gxf6 24. Rxg2 fxe5 25. Rg7 Rdf8 26. Rd3 Rhg8 27. Rxf7 Rxf7 28. Bxe6+ Kc7 29. Bxf7 Rf8 30. Rf3 e4 31. Rf5 Kd6 32. h5 1-0

[Event "Troll Masters"]
[Site "Gausdal"]
[Date "2003.01.07"]
[Round "1"]
[White "Glenne, Bjorn Erik"]
[Black "Rozentalis, Eduardas"]
[Result "1/2-1/2"]
[WhiteElo "2203"]
[BlackElo "2585"]
[PlyCount "81"]
[EventDate "2003.01.07"]
[EventType "swiss"]
[EventRounds "10"]
[EventCountry "NOR"]
[SourceTitle "CBM 092 Extra"]
[Source "ChessBase"]
[SourceDate "2003.03.07"]
[SourceVersion "1"]
[SourceVersionDate "2003.03.07"]
[SourceQuality "1"]

1. d4 Nf6 2. c4 e6 3. g3 Bb4+ 4. Bd2 Qe7 5. Bg2 Nc6 6. Nf3 Bxd2+ 7. Nbxd2 d6 8. 0-0 0-0 9. a3 a5 10. b3 e5 11. e3 Bg4 12. Qc2 Rfe8 13. h3 Bh5 14. dxe5 dxe5 15. Nh4 e4 16. g4 Bxg4 17. hxg4 Nxg4 18. Nf5 Qg5 19. Ng3 f5 20. Bxe4 fxe4 21. Ndxe4 Qh4 22. Kg2 Qh2+ 23. Kf3 Rf8+ 24. Ke2 Nxf2 25. Rxf2 Rxf2+ 26. Nxf2 Qxg3 27. Rh1 h6 28. Qe4 Qe5 29. Qd5+ Kh8 30. Nd3 Qc3 31. Nf4 Re8 32. Rh3 Qc2+ 33. Kf3 Ne5+ 34. Kg3 Qxb3 35. Qd4 Qb1 36. Rh5 Qe1+ 37. Kg2 c5 38. Qe4 Qd2+ 39. Kg3 Qe1+ 40. Kg2 Qd2+ 41. Kg3 1/2-1/2

[Event "NOR-chT east 0203"]
[Site "Norway"]
[Date "2002.11.24"]
[Round "2"]
[White "Glenne, Bjorn Erik"]
[Black "Solberg, Joachim Krokvik"]
[Result "1/2-1/2"]
[WhiteElo "2154"]
[BlackElo "1982"]
[PlyCount "121"]
[EventDate "2002.11.09"]
[EventType "team-swiss"]
[EventRounds "9"]
[EventCountry "NOR"]
[SourceTitle "EXT 2009"]
[Source "ChessBase"]
[SourceDate "2008.11.26"]
[SourceVersion "1"]
[SourceVersionDate "2008.11.26"]
[SourceQuality "1"]

1. d4 d5 2. c4 e6 3. Nc3 Nf6 4. cxd5 Nxd5 5. Nf3 c5 6. e4 Nxc3 7. bxc3 cxd4 8. cxd4 Bb4+ 9. Bd2 Bxd2+ 10. Qxd2 0-0 11. Bc4 Nc6 12. 0-0 b6 13. a3 Bb7 14. Qe3 Na5 15. Ba2 Rc8 16. Rfc1 Qd6 17. h4 h6 18. g4 Rxc1+ 19. Rxc1 Rc8 20. Rxc8+ Bxc8 21. g5 hxg5 22. hxg5 g6 23. d5 exd5 24. exd5 Bf5 25. Nd4 Bd7 26. Ne2 Nb7 27. Ng3 Nc5 28. f4 a5 29. Kf2 b5 30. Kf3 b4 31. axb4 axb4 32. Bb3 Qc7 33. Bc2 Qd6 34. Ne4 Nxe4 35. Qxe4 Qc5 36. Bb3 Qc3+ 37. Qe3 Qc7 38. Qd4 Qd6 39. Qc4 Kf8 40. Qd4 Kg8 41. Ke3 Qe7+ 42. Kd2 Qd6 43. Qe5 Qc5 44. Qe3 Qd6 45. Qd4 Bf5 46. Bc2 Be6 47. Bb3 Bf5 48. Kc1 Qc7+ 49. Kd1 Qd6 50. Ke2 Bg4+ 51. Kd3 Qa6+ 52. Qc4 Qb6 53. Qc6 Bf5+ 54. Kc4 Qe3 55. Qf6 Qxf4+ 56. Kc5 Qc7+ 57. Kxb4 Qb7+ 58. Kc3 Qc7+ 59. Kb4 Qb7+ 60. Kc3 Qc7+ 61. Kb4 1/2-1/2

[Event "NOR-chT fin"]
[Site "Oslo"]
[Date "2002.05.10"]
[Round "3"]
[White "Kolas, Tore"]
[Black "Glenne, Bjorn Erik"]
[Result "0-1"]
[WhiteElo "2181"]
[BlackElo "2235"]
[PlyCount "118"]
[EventDate "2002.05.08"]
[EventType "team-tourn"]
[EventRounds "5"]
[EventCountry "NOR"]
[SourceTitle "CBM 088 Extra"]
[Source "ChessBase"]
[SourceDate "2002.07.01"]
[SourceVersion "2"]
[SourceVersionDate "2002.07.01"]
[SourceQuality "1"]

1. d4 Nf6 2. c4 d6 3. Nc3 Nbd7 4. e4 e5 5. Nf3 c6 6. Be2 Be7 7. 0-0 Qc7 8. h3 0-0 9. Be3 Ne8 10. d5 c5 11. Ne1 g6 12. Nd3 f5 13. f4 Ng7 14. fxe5 dxe5 15. Nb5 Qd8 16. exf5 Nxf5 17. Bf2 e4 18. Nf4 Nf6 19. g4 Nd6 20. Nxd6 Bxd6 21. Be3 Qe7 22. Qd2 Bd7 23. Rad1 Qe5 24. Qc3 Qe7 25. Qd2 Qe5 26. Qc3 Qe7 27. Qd2 Rad8 28. Ng2 Rf7 29. Bf4 Be5 30. Bxe5 Qxe5 31. b3 Rdf8 32. Qf4 Nxg4 33. Qxe5 Nxe5 34. Rxf7 Rxf7 35. h4 Kg7 36. Rf1 Rf6 37. Ne3 h6 38. Kg2 g5 39. hxg5 hxg5 40. Kg3 Rxf1 41. Nxf1 Kf6 42. Kf2 Nf7 43. Ke3 Ke5 44. Bh5 Nd6 45. Bg6 Bf5 46. Bh5 b5 47. Be2 bxc4 48. bxc4 Bc8 49. Kf2 Kd4 50. Ne3 a5 51. Nc2+ Ke5 52. Ne3 Bd7 53. Nc2 Kf4 54. Ne3 Bh3 55. Nd1 g4 56. Nc3 g3+ 57. Kg1 Nf5 58. Na4 Nd4 59. Bd1 Nf3+ 0-1

[Event "NOR-chT fin"]
[Site "Oslo"]
[Date "2002.05.08"]
[Round "1"]
[White "Glenne, Bjorn Erik"]
[Black "Carlsen, Magnus"]
[Result "0-1"]
[WhiteElo "2235"]
[BlackElo "2163"]
[PlyCount "78"]
[EventDate "2002.05.08"]
[EventType "team-tourn"]
[EventRounds "5"]
[EventCountry "NOR"]
[SourceTitle "CBM 088 Extra"]
[Source "ChessBase"]
[SourceDate "2002.07.01"]
[SourceVersion "2"]
[SourceVersionDate "2002.07.01"]
[SourceQuality "1"]

1. d4 Nf6 2. c4 e6 3. g3 d5 4. Bg2 dxc4 5. Qa4+ Bd7 6. Qxc4 Bc6 7. Bxc6+ Nxc6 8. Nf3 Qd5 9. Qxd5 exd5 10. 0-0 Ne4 11. Bf4 0-0-0 12. Rd1 Be7 13. Ne5 Nxe5 14. Bxe5 f6 15. Bf4 g5 16. Be3 Nd6 17. Nc3 Nc4 18. Bc1 Bb4 19. Rd3 Bxc3 20. Rxc3 Rde8 21. b3 Nd6 22. Kf1 h5 23. a4 Nf5 24. Bb2 g4 25. Rac1 c6 26. f3 h4 27. e4 hxg3 28. hxg3 Nxd4 29. fxg4 Rxe4 30. Rd3 Rh1+ 31. Kg2 Rxc1 32. Bxc1 Rxg4 33. Be3 c5 34. Bxd4 Rxd4 35. Rxd4 cxd4 36. Kf2 Kd7 37. Ke2 Kd6 38. b4 Ke5 39. Kd3 f5 0-1

[Event "NOR-ch op"]
[Site "Oslo"]
[Date "2002.03.28"]
[Round "7"]
[White "Glenne, Bjorn Erik"]
[Black "Pedersen, Oyvind"]
[Result "1-0"]
[WhiteElo "2235"]
[BlackElo "2054"]
[PlyCount "113"]
[EventDate "2002.03.23"]
[EventType "swiss"]
[EventRounds "9"]
[EventCountry "NOR"]
[SourceTitle "CBM 087 Extra"]
[Source "ChessBase"]
[SourceDate "2002.05.03"]
[SourceVersion "2"]
[SourceVersionDate "2002.08.09"]
[SourceQuality "1"]

1. d4 Nf6 2. Bg5 Ne4 3. Bf4 c5 4. f3 Qa5+ 5. c3 Nf6 6. d5 d6 7. e4 g6 8. Qd2 Bg7 9. g4 b5 10. h4 h5 11. g5 Nfd7 12. Na3 Ba6 13. Nh3 b4 14. cxb4 Qxb4 15. 0-0-0 Bxf1 16. Rhxf1 a5 17. Nf2 Na6 18. Nd3 Qxd2+ 19. Rxd2 Nb4 20. b3 Bc3 21. Rdd1 Nxa2+ 22. Kb1 Nb4 23. Nb5 Nxd3 24. Rxd3 Be5 25. Nc7+ Kd8 26. Bxe5 Nxe5 27. Nxa8 Nxd3 28. Kc2 Ne5 29. Nb6 Kc7 30. f4 Ng4 31. Nc4 Ra8 32. Ra1 e6 33. Kc3 Nf2 34. Re1 Nxe4+ 35. Rxe4 exd5 36. Re7+ Kc6 37. Nb2 d4+ 38. Kc2 Rf8 39. Nc4 d5 40. Ne5+ Kd6 41. Ra7 c4 42. Ra6+ Ke7 43. bxc4 dxc4 44. Nxc4 a4 45. Kd3 Rb8 46. Rxa4 Rb3+ 47. Kxd4 Rh3 48. Ra7+ Kf8 49. Ne5 Rxh4 50. Rxf7+ Kg8 51. Rf6 Rh1 52. Rxg6+ Kh7 53. Ke4 h4 54. Kf5 h3 55. Kf6 Ra1 56. Rg7+ Kh8 57. Nf7# 1-0

[Event "NOR-ch op"]
[Site "Oslo"]
[Date "2002.03.25"]
[Round "4"]
[White "Svensen, Tarjei Joten"]
[Black "Glenne, Bjorn Erik"]
[Result "1-0"]
[WhiteElo "2077"]
[BlackElo "2235"]
[PlyCount "82"]
[EventDate "2002.03.23"]
[EventType "swiss"]
[EventRounds "9"]
[EventCountry "NOR"]
[SourceTitle "CBM 087 Extra"]
[Source "ChessBase"]
[SourceDate "2002.05.03"]
[SourceVersion "2"]
[SourceVersionDate "2002.08.09"]
[SourceQuality "1"]

1. d4 d5 2. Bg5 c6 3. Nf3 h6 4. Bh4 Bf5 5. e3 Nd7 6. Bd3 Bxd3 7. Qxd3 Ngf6 8. Nbd2 e6 9. 0-0 Be7 10. h3 0-0 11. Bg3 Qb6 12. c4 c5 13. b3 Rac8 14. Rac1 Rfd8 15. Rfd1 Qa6 16. Rc2 cxd4 17. exd4 dxc4 18. bxc4 Nc5 19. Qe3 Qa4 20. Rcc1 Ncd7 21. Qb3 Qc6 22. Nf1 Ne4 23. Bh2 Bf6 24. Ne3 Qa6 25. c5 Rc6 26. Nc4 b6 27. Qb1 Ndxc5 28. Nce5 Bxe5 29. Nxe5 Rcd6 30. dxc5 Nd2 31. Qc2 bxc5 32. Bf4 Qe2 33. Re1 Qh5 34. Qxc5 Rd5 35. Qxa7 Qf5 36. Bg3 Ne4 37. Qc7 Nxg3 38. fxg3 Rd2 39. Nf3 Rxa2 40. Qxd8+ Kh7 41. Qd4 Qb5 1-0

[Event "NOR-ch op"]
[Site "Oslo"]
[Date "2002.03.24"]
[Round "3"]
[White "Glenne, Bjorn Erik"]
[Black "Martinsen, Stig K"]
[Result "0-1"]
[WhiteElo "2235"]
[BlackElo "2078"]
[PlyCount "26"]
[EventDate "2002.03.23"]
[EventType "swiss"]
[EventRounds "9"]
[EventCountry "NOR"]
[SourceTitle "CBM 087 Extra"]
[Source "ChessBase"]
[SourceDate "2002.05.03"]
[SourceVersion "2"]
[SourceVersionDate "2002.08.09"]
[SourceQuality "1"]

1. d4 d6 2. Bg5 h6 3. Bh4 g5 4. Bg3 Bg7 5. e4 c5 6. Bb5+ Bd7 7. Bxd7+ Nxd7 8. Ne2 cxd4 9. Nxd4 Qb6 10. Nf5 Qxb2 11. Nxg7+ Qxg7 12. Nd2 Ngf6 13. 0-0 0-0 0-1

[Event "Oslo OSS"]
[Site "Oslo"]
[Date "2002.01.17"]
[Round "7"]
[White "Glenne, Bjorn Erik"]
[Black "Bae, Torstein"]
[Result "0-1"]
[WhiteElo "2235"]
[BlackElo "2318"]
[PlyCount "120"]
[EventDate "2002.01.13"]
[EventType "tourn"]
[EventRounds "9"]
[EventCountry "NOR"]
[EventCategory "6"]
[SourceTitle "CBM 086 Extra"]
[Source "ChessBase"]
[SourceDate "2002.03.14"]
[SourceVersion "1"]
[SourceVersionDate "2002.03.14"]
[SourceQuality "1"]

1. d4 Nf6 2. Bg5 d5 3. Bxf6 exf6 4. e3 Bd6 5. c4 dxc4 6. Bxc4 0-0 7. Nd2 c5 8. Ngf3 Nc6 9. 0-0 Bg4 10. dxc5 Bxc5 11. Qc2 Qe7 12. Rac1 Bb6 13. h3 Bd7 14. Rfd1 f5 15. Nb3 Rad8 16. Nbd4 f4 17. exf4 Nxd4 18. Nxd4 Bxh3 19. Nf3 Rxd1+ 20. Rxd1 Bg4 21. Re1 Qf6 22. Ng5 g6 23. g3 Kg7 24. Re5 Bd4 25. Rd5 Bf5 26. Ne4 Qb6 27. Qd2 Rd8 28. Nc3 Rxd5 29. Bxd5 Bf6 30. Bf3 h5 31. b3 Qa6 32. Nd5 Ba1 33. Nc3 Kh7 34. Qc1 Qd3 35. Qxa1 Qxf3 36. Nd1 Be4 37. Kf1 Qh1+ 38. Ke2 Bf3+ 39. Kd2 Qf1 40. Qc1 Qe2+ 41. Kc3 Qxd1 42. Qe3 a6 43. a3 Qd5 44. b4 Be4 45. Kb2 Qc4 46. Qd2 Bd5 47. Qe3 Qe4 48. Qc5 Qc4 49. Qe3 Qa2+ 50. Kc1 Bb3 51. Qc5 Qxa3+ 52. Kd2 Qb2+ 53. Ke3 Be6 54. Qb6 Qb3+ 55. Kd4 Qd5+ 56. Ke3 Kg7 57. Ke2 Bg4+ 58. Kf1 Qd1+ 59. Kg2 Bf3+ 60. Kh2 Qh1# 0-1

[Event "Nordic-ch"]
[Site "Bergen"]
[Date "2001.08.11"]
[Round "8"]
[White "Glenne, Bjorn Erik"]
[Black "Berg, Emanuel"]
[Result "0-1"]
[WhiteElo "2223"]
[BlackElo "2496"]
[PlyCount "76"]
[EventDate "2001.08.04"]
[EventType "swiss"]
[EventRounds "9"]
[EventCountry "NOR"]
[SourceTitle "CBM 083 Extra"]
[Source "ChessBase"]
[SourceDate "2001.09.11"]
[SourceVersion "1"]
[SourceVersionDate "2001.09.11"]
[SourceQuality "1"]

1. d4 f5 2. h3 Nf6 3. g4 d5 4. Nc3 Nc6 5. g5 Ne4 6. Bf4 e5 7. Nxe4 dxe4 8. dxe5 Qe7 9. Qd2 Be6 10. e3 Rd8 11. Qc3 Nb4 12. a3 Na2 13. Bb5+ c6 14. Bxc6+ Kf7 15. Rxa2 Bxa2 16. Ba4 Qc5 17. Bb3+ Bxb3 18. Qxb3+ Qd5 19. Qxd5+ Rxd5 20. Ne2 g6 21. f3 exf3 22. Nd4 Bg7 23. e6+ Ke7 24. c3 Bxd4 25. exd4 Kxe6 26. Rf1 Rb5 27. Bc1 f4 28. h4 Kf5 29. Kf2 h6 30. Rg1 Ke4 31. Re1+ Kd3 32. Bxf4 hxg5 33. Rd1+ Ke4 34. Bxg5 Rxb2+ 35. Kf1 Rc8 36. d5 Rxc3 37. Bf6 Rh2 38. Kg1 Rcc2 0-1

[Event "Nordic-ch"]
[Site "Bergen"]
[Date "2001.08.08"]
[Round "5"]
[White "Johannessen, Leif Erlend"]
[Black "Glenne, Bjorn Erik"]
[Result "1-0"]
[WhiteElo "2426"]
[BlackElo "2223"]
[PlyCount "73"]
[EventDate "2001.08.04"]
[EventType "swiss"]
[EventRounds "9"]
[EventCountry "NOR"]
[SourceTitle "CBM 083 Extra"]
[Source "ChessBase"]
[SourceDate "2001.09.11"]
[SourceVersion "1"]
[SourceVersionDate "2001.09.11"]
[SourceQuality "1"]

1. c4 Nf6 2. Nc3 d6 3. d4 Nbd7 4. Nf3 e5 5. e4 c6 6. Be2 Be7 7. 0-0 0-0 8. Be3 Qc7 9. d5 c5 10. Ne1 Ne8 11. Nd3 g6 12. Qd2 Ng7 13. f4 exf4 14. Bxf4 f5 15. Nb5 Qb8 16. exf5 Nxf5 17. g4 Ng7 18. Qe3 Re8 19. Qg3 g5 20. Bd2 Nf6 21. Bf3 Bd7 22. Rae1 Bxb5 23. cxb5 Qc7 24. Bxg5 Ne4 25. Bxe4 Bxg5 26. h4 Bd2 27. Re2 c4 28. Nf2 Bb4 29. Nh3 Rf8 30. Rf4 Rxf4 31. Qxf4 Re8 32. Ng5 Bc5+ 33. Kh1 Qd7 34. Bxh7+ Kh8 35. Bg6 Nh5 36. gxh5 Rxe2 37. Qf8# 1-0

[Event "NOR-chT qualifier"]
[Site "Norway"]
[Date "2001.??.??"]
[Round "3"]
[White "Glenne, Bjorn Erik"]
[Black "Henriksen, Geir Ivar"]
[Result "1-0"]
[WhiteElo "2235"]
[BlackElo "2209"]
[PlyCount "77"]
[EventDate "2001.11.??"]
[EventType "team-tourn"]
[EventRounds "9"]
[EventCountry "NOR"]
[SourceTitle "EXT 2003"]
[Source "ChessBase"]
[SourceDate "2002.11.25"]
[SourceVersion "1"]
[SourceVersionDate "2002.11.25"]
[SourceQuality "1"]

1. d4 Nf6 2. c4 c5 3. d5 d6 4. Nc3 g6 5. e4 Bg7 6. Be2 0-0 7. h4 e6 8. Bg5 h6 9. Be3 exd5 10. exd5 Re8 11. Kf1 Nbd7 12. Qd2 h5 13. Bg5 Ne5 14. Nf3 Bg4 15. Re1 Qd7 16. Bxf6 Bxf6 17. Ne4 Bg7 18. Nxe5 Bxe2+ 19. Rxe2 Rxe5 20. Rh3 Rae8 21. Rhe3 R5e7 22. Qe1 Qd8 23. Nxd6 Rxe3 24. Nxe8 Rxe2 25. Qxe2 Qxh4 26. Kg1 Bd4 27. Nd6 Qf4 28. Nb5 h4 29. Nxd4 cxd4 30. Qd1 Kf8 31. b4 Ke7 32. c5 Qe4 33. d6+ Kd8 34. Kf1 h3 35. gxh3 Qh1+ 36. Ke2 Qe4+ 37. Kd2 Qf5 38. Qe2 Qg5+ 39. Kd3 1-0

[Event "NOR-ch"]
[Site "Asker"]
[Date "2000.07.15"]
[Round "9"]
[White "Heim, Sverre"]
[Black "Glenne, Bjorn Erik"]
[Result "1-0"]
[WhiteElo "2366"]
[BlackElo "2250"]
[PlyCount "123"]
[EventDate "2000.07.08"]
[EventType "swiss"]
[EventRounds "9"]
[EventCountry "NOR"]
[SourceTitle "CBM 077 Extra"]
[Source "ChessBase"]
[SourceDate "2000.09.14"]
[SourceVersion "1"]
[SourceVersionDate "2000.09.14"]
[SourceQuality "1"]

1. d4 d5 2. Nf3 e6 3. g3 f5 4. Bg2 Nf6 5. 0-0 Bd6 6. b3 Qe7 7. a4 Nbd7 8. Ba3 Bxa3 9. Nxa3 Ne4 10. c4 c6 11. Nc2 0-0 12. Nce1 g5 13. Nd3 Rf6 14. Nfe5 Rh6 15. f3 Nef6 16. Qd2 Nxe5 17. Nxe5 Nd7 18. Nxd7 Bxd7 19. e4 f4 20. gxf4 gxf4 21. Qxf4 Rg6 22. Kh1 dxc4 23. bxc4 Qb4 24. Qc1 Rf8 25. Rb1 Qxa4 26. Rxb7 Bc8 27. Rb2 Ba6 28. Rc2 c5 29. dxc5 e5 30. Rd1 Rb8 31. Rd6 Rb4 32. Bf1 Rb3 33. Rc3 Qb4 34. Rxb3 Qxb3 35. Rd3 Qb4 36. Rd5 Qb3 37. Rd3 Qb4 38. Rd8+ Kg7 39. Qd1 Qxc5 40. Qd7+ Kh6 41. Qh3+ Kg5 42. Qg4+ Kf6 43. Qh4+ Rg5 44. Qh6+ Rg6 45. Qf8+ Qxf8 46. Rxf8+ Ke6 47. Re8+ Kd6 48. Ra8 Kc5 49. Rxa7 Kd4 50. Bh3 h6 51. Bf5 Rf6 52. Kg2 Bxc4 53. Kf2 Ra6 54. Rd7+ Kc5 55. Kg3 Rd6 56. Re7 Kd4 57. f4 Ke3 58. fxe5 Rd1 59. e6 Rg1+ 60. Kh4 Be2 61. Rh7 Rf1 62. Rxh6 1-0

[Event "NOR-ch"]
[Site "Asker"]
[Date "2000.07.14"]
[Round "8"]
[White "Glenne, Bjorn Erik"]
[Black "Johannessen, Svein"]
[Result "0-1"]
[WhiteElo "2250"]
[BlackElo "2306"]
[PlyCount "78"]
[EventDate "2000.07.08"]
[EventType "swiss"]
[EventRounds "9"]
[EventCountry "NOR"]
[SourceTitle "CBM 077 Extra"]
[Source "ChessBase"]
[SourceDate "2000.09.14"]
[SourceVersion "1"]
[SourceVersionDate "2000.09.14"]
[SourceQuality "1"]

1. d4 Nf6 2. c4 c5 3. d5 e5 4. Nc3 d6 5. e4 Be7 6. Bd3 0-0 7. Nge2 Nh5 8. 0-0 Bg5 9. f4 Nxf4 10. Nxf4 Bxf4 11. Bxf4 exf4 12. Rxf4 Nd7 13. Qd2 Ne5 14. Raf1 Bd7 15. Ne2 b5 16. b3 bxc4 17. Bxc4 a5 18. Ng3 a4 19. Nf5 axb3 20. axb3 Bxf5 21. exf5 Qf6 22. b4 cxb4 23. Bb5 b3 24. Qc3 b2 25. Rb4 Ra1 26. Qc2 Rc1 27. Qxb2 Rxf1+ 28. Bxf1 Qxf5 29. Rb6 Qf6 30. Be2 g6 31. Qd2 Ra8 32. Qb2 Ra1+ 33. Qxa1 Nf3+ 34. Kf2 Qxa1 35. Rb8+ Kg7 36. Kxf3 Qa3+ 37. Kg4 h5+ 38. Kh4 Qa7 39. Rb5 Qf2+ 0-1